| 000 | 00718nam a22002297a 4500 | ||
|---|---|---|---|
| 999 |
_c3272 _d3272 |
||
| 003 | AR-CdUCM | ||
| 008 | 190306b ||||| |||| 00| 0 spa d | ||
| 040 |
_aMUNICIPALIDAD PROVINCIAL DEL CUSCO _cBIBLIOTECA MUNICIPAL DEL CUSCO |
||
| 041 | _hfr. | ||
| 082 |
_a848.7 / _bH41 |
||
| 100 |
_aHeredia, José María _910903 |
||
| 245 |
_aLos trofeos : _bSonetos / |
||
| 260 |
_aBuenos Aires : _bEdit. Losada, _c1954. |
||
| 300 |
_a190 paginas ; _c17 cm. |
||
| 505 | _aContenido :Poesías francesas del siglo XIX / | ||
| 650 |
_aliteratura francesa _910904 |
||
| 650 |
_aPoesias francesas _96445 |
||
| 650 |
_aSiglo XIX _9971 |
||
| 700 |
_aMax Henriquez Ureña (traductor) _910905 |
||
| 942 |
_2ddc _cLIBROS |
||
| 945 | _arjall | ||